000 00806nam a2200253 a 4500
001 70106
003 BD-RjUL
005 20211209081950.0
008 170416s1966 nyua 001 0 eng d
035 _a(BD-RjUL)70318
040 _aDLC/ICU
_cCGU
_dUKM
_dBD-RjUL
_beng
041 _aeng
082 0 _a541
_223
_bKAA 1966
100 1 _aKaufman, Ernest D.
_9207631
245 1 0 _aAdvanced Concepts in Physical Chemistry /
_c[by] Ernest D. Kaufman.
260 _aNew York :
_bMcGraw-Hill,
_c1966
300 _axii, 271 p. :
_bill. ;
_c24 cm.
490 1 _aMcGraw-Hill series in undergraduate chemistry
500 _aIncludes Indexes
650 0 _aChemistry, Physical and theoretical.
_9207632
830 0 _aMcGraw-Hill series in undergraduate chemistry
_9159594
942 _2ddc
_cBK
999 _c70106
_d70106